00752nam a22002417a 4500003000500000005001700005008004100022010001100063011001100074020001500085035001100100040000900111082001700120100003200137245004500169260010800214300002900322490002100351650002300372650004500395650004900440830002100489CHAP20220329143718.0110328s1972 mx a r 00010 spa d a100761 a101733 a9682939941 a112421 cCHAP00a972.019bG581 aGonzález Ramos, Gildardo.14aLos corasc/por Gildardo Gonález Ramos aMéxico, D.F. :bConsejo Nacional para la Cultura y las Artes :bInstituto Nacional Indigenista,c1972 a179 p. :bilus., cuadros 0aPresenciasv; 5514aIndios de Nayarit.14aIndios de NayaritxCondiciones sociales.14aIndios de NayaritxReligión y mitología.0 aPresenciasv; 55